[Event "BUL-chT (Women) 41th"]
[Site "Borovetz"]
[Date "2008.10.01"]
[Round "1"]
[White "Olarasu, Gabriela"]
[Black "Alexieva, Silvia"]
[Result "1/2-1/2"]
[WhiteElo "2297"]
[BlackElo "2352"]
[PlyCount "62"]
[EventDate "2008.10.01"]
[EventType "team-tourn"]
[EventRounds "7"]
[EventCountry "BUL"]
[SourceTitle "CBM 126 Extra"]
[Source "ChessBase"]
[SourceDate "2008.11.05"]
[SourceVersion "1"]
[SourceVersionDate "2008.11.05"]
[SourceQuality "1"]
[WhiteTeam "Sofia CSKA (W)"]
[BlackTeam "Sofia Lokomotiv (W)"]
[WhiteTeamCountry "BUL"]
[BlackTeamCountry "BUL"]

1. d4 Nf6 2. c4 e6 3. Nc3 Bb4 4. Qc2 d5 5. cxd5 Qxd5 6. Nf3 Qf5 7. Qxf5 exf5 8. a3 Be7 9. Bg5 Be6 10. e3 c6 11. Bd3 Nbd7 12. 0-0 h6 13. Bh4 a5 14. Rac1 0-0 15. Ne2 g5 16. Bg3 Ne4 17. Nc3 Nxc3 18. Rxc3 Nf6 19. Rcc1 Rfd8 20. Rfd1 Ne4 21. Nd2 Nxd2 22. Rxd2 Kg7 23. Bc7 Rd7 24. Bb6 Kf6 25. Be2 Kg6 26. h3 h5 27. g3 Bd8 28. Bxd8 Raxd8 29. Rc5 Rd5 30. Rxd5 Bxd5 31. Bf1 f6 1/2-1/2

[Event "SRB-chT (Women)"]
[Site "Subotica"]
[Date "2008.09.10"]
[Round "8"]
[White "Olarasu, Gabriela"]
[Black "Djukic, Sandra"]
[Result "1-0"]
[WhiteElo "2295"]
[BlackElo "2178"]
[PlyCount "113"]
[EventDate "2008.09.03"]
[EventType "team"]
[EventRounds "11"]
[EventCountry "YUG"]
[SourceTitle "CBM 126 Extra"]
[Source "ChessBase"]
[SourceDate "2008.11.05"]
[SourceVersion "1"]
[SourceVersionDate "2008.11.05"]
[SourceQuality "1"]

1. Nf3 d5 2. c4 e6 3. g3 Nf6 4. Bg2 c6 5. b3 Nbd7 6. Bb2 Be7 7. 0-0 0-0 8. d4 b6 9. Nbd2 Ba6 10. Re1 b5 11. c5 b4 12. a3 bxa3 13. Rxa3 Bb5 14. Qa1 a6 15. e3 Ne8 16. e4 dxe4 17. Nxe4 Nc7 18. Nc3 Nd5 19. Nxd5 exd5 20. Qc1 Re8 21. Ne5 Nxe5 22. dxe5 Bf8 23. Bd4 Qc8 24. Qc3 Qf5 25. b4 Re6 26. Qd2 Rae8 27. Rf3 Qh5 28. Rfe3 g5 29. h3 g4 30. Qd1 Rg6 31. hxg4 Qxg4 32. Qxg4 Rxg4 33. f4 Bh6 34. Bh3 Rg6 35. Kh2 Bg7 36. Bf5 Rh6+ 37. Kg2 Bc4 38. g4 f6 39. e6 Re7 40. Rh3 Rxh3 41. Kxh3 Kf8 42. Bxh7 Rb7 43. Bf5 Ke7 44. g5 Rb8 45. Kg3 Rg8 46. Bh7 fxg5 47. f5 Bxd4 48. Bxg8 Bd3 49. Kg4 Bf2 50. f6+ Kxf6 51. e7 Bg6 52. e8Q Bxe8 53. Rxe8 Bd4 54. Rc8 Bc3 55. Rxc6+ Ke5 56. Re6+ Kd4 57. c6 1-0

[Event "SRB-chT (Women)"]
[Site "Subotica"]
[Date "2008.09.05"]
[Round "3"]
[White "Gebejes, Ana"]
[Black "Olarasu, Gabriela"]
[Result "0-1"]
[WhiteElo "2062"]
[BlackElo "2295"]
[PlyCount "86"]
[EventDate "2008.09.03"]
[EventType "team"]
[EventRounds "11"]
[EventCountry "YUG"]
[SourceTitle "CBM 126 Extra"]
[Source "ChessBase"]
[SourceDate "2008.11.05"]
[SourceVersion "1"]
[SourceVersionDate "2008.11.05"]
[SourceQuality "1"]

1. d4 Nf6 2. c4 e6 3. Nf3 b6 4. Bg5 h6 5. Bxf6 Qxf6 6. Nc3 d6 7. e4 g6 8. Rc1 Bg7 9. Nb5 Qe7 10. c5 dxc5 11. dxc5 0-0 12. cxb6 Qb4+ 13. Qd2 Qxd2+ 14. Nxd2 axb6 15. Nxc7 Rxa2 16. b3 Be5 17. Nf3 Bf4 18. Rc3 Ra1+ 19. Ke2 Bxc7 20. Rxc7 Ba6+ 21. Ke3 Rxf1 22. Rxf1 Bxf1 23. g3 Na6 24. Rc6 Rb8 25. Ne5 Bb5 26. Rd6 Kf8 27. Nc4 Bxc4 28. bxc4 Ke7 29. e5 Nc5 30. Rc6 Nd7 31. f4 Ra8 32. Kf3 h5 33. h3 Ra3+ 34. Kg2 Ra5 35. Rd6 f6 36. Rd4 fxe5 37. fxe5 Nxe5 38. Re4 Ra2+ 39. Kf1 Nc6 40. Ke1 Rh2 41. h4 Kd6 42. Kf1 e5 43. Kg1 Rd2 0-1